Ultimate Divergent trilogy characters quiz - Statistics

General Stats
  • This quiz has been taken 135 times
  • The average score is 13 of 33
Answer Stats
Hint Answer % Correct
Theo James Four
100%
Zoe Kravitz Christina
94%
Miles Teller Peter
91%
Ansel Elgort Caleb Prior
81%
Jai Courtney Eric
72%
Shailene Woodley Tris Prior
69%
Christian Madsen Al
68%
Ben Lloyd Hughes Will
67%
Maggie Q Tori
60%
Ashley Judd Natalie Prior
59%
Ray Stevenson Marcus
58%
Amy Newbold Molly
48%
Tony Goldwyn Andrew Prior
47%
Naomi Watts Evelyn
47%
Ben Lamb Edward
45%
Keiynan Lonsdale Uriah
45%
Jeff Daniels David
38%
Mekhi Phifer Max
37%
Bill skarsgard Matthew
26%
Suki waterhouse Marlene
25%
Kate Winslet Janine
24%
Daniel Dae Kim Jack Kang
19%
Rosa Salazar Lynn
18%
Nadia Hilker Nita
17%
Justine Wachsberger Lauren
11%
Emjay Anthony Hector
10%
Janet McTeer Edith Prior
6%
Jonny weston Edgar
4%
Rotimi Ezra
3%
Andy Bean Romit
3%
Joseph David- Jones Hollis
2%
Parisa johnston Regina
2%
Rebecca Pidgeon Sarah
2%
No matching quizzes found
Score Distribution
Percent of People with Each Score
Percentile by Number Answered
Your Score History
You have not taken this quiz